Country Phone Codes #1 - Statistics

General Stats
  • This quiz has been taken 24 times
  • The average score is 6 of 15
Answer Stats
Country + Code % Correct
United States 1
76%
Germany 49
57%
Greece 30
48%
Netherlands 31
48%
Italy 39
48%
Denmark 45
38%
Australia 61
38%
Indonesia 62
33%
South Korea 82
33%
China 86
33%
Singapore 65
29%
South Africa 27
24%
Mexico 52
24%
Brazil 55
24%
Saudi Arabia 966
14%
No matching quizzes found
Score Distribution
Percent of People with Each Score
Percentile by Number Answered
Your Score History
You have not taken this quiz